书目信息 |
| 题名: |
彩色详解四书五经
|
|
| 作者: | 孔丘 著 ;思履 主编 | |
| 分册: | 2 | |
| 出版信息: | 北京 团结出版社 2017.08 |
|
| 页数: | 199-416页 | |
| 开本: | 22cm | |
| 丛书名: | ||
| 单 册: | ||
| 中图分类: | B222.14 , Z126.1 | |
| 科图分类: | ||
| 主题词: | 四书--译文 , 五经--译文 , 儒家 , 经学 , 先秦哲学 | |
| 电子资源: | ||
| ISBN: | 978-7-5126-5217-0 | |
| 000 | 01035nam0 2200313 450 | |
| 001 | 0120182510823 | |
| 005 | 20180917155318.59 | |
| 010 | @a978-7-5126-5217-0@dCNY74.50,CNY298.00(全4册) | |
| 100 | @a20180528d2017 em y0chiy50 ea | |
| 101 | 0 | @achi |
| 102 | @aCN@b110000 | |
| 105 | @aa z 000yy | |
| 106 | @ar | |
| 200 | 1 | @a彩色详解四书五经@9cai se xiang jie si shu wu jing@h2@f(春秋)孔子等著@g思履主编 |
| 210 | @a北京@c团结出版社@d2017.08 | |
| 215 | @a199-416页@d22cm | |
| 330 | @a本书涵盖了中国历史中思想文化发展最活跃时期的政治、军事、文化、宗教、经济等诸多方面的史料,是儒家先哲们的思想和智慧的结晶,体现出早期儒学形成的轨迹在中国思想史上产生过不可估量的深远影响。 | |
| 333 | @a一般读者 | |
| 606 | 0 | @a四书@x译文 |
| 606 | 0 | @a五经@x译文 |
| 606 | 0 | @a儒家 |
| 606 | 0 | @a经学 |
| 606 | 0 | @a先秦哲学 |
| 690 | @aB222.14@v5 | |
| 690 | @aZ126.1@v5 | |
| 701 | 0 | @c(春秋)@a孔丘@9kong qiu@f(前551-前479)@4著 |
| 702 | 0 | @a思履@9si lü@4主编 |
| 801 | 0 | @aCN@bNLC@c20180702 |
| 905 | @b1091930-31@dB222.14@e810:2@f2 | |
| 彩色详解四书五经.2/(春秋)孔子等著/思履主编.-北京:团结出版社,2017.08 |
| 199-416页;22cm |
| 使用对象:一般读者 |
| ISBN 978-7-5126-5217-0:CNY74.50,CNY298.00(全4册) |
| 本书涵盖了中国历史中思想文化发展最活跃时期的政治、军事、文化、宗教、经济等诸多方面的史料,是儒家先哲们的思想和智慧的结晶,体现出早期儒学形成的轨迹在中国思想史上产生过不可估量的深远影响。 |
| ● |
| 相关链接 |
|
|
|
|
正题名:彩色详解四书五经
索取号:B222.14/810:2
 
预约/预借
| 序号 | 登录号 | 条形码 | 馆藏地/架位号 | 状态 | 备注 |
| 1 | 1091930 | 210919309 | 第一样本阅览室/ [索取号:B222.14/810:2] | 在馆 | |
| 2 | 1091931 | 210919318 | 第一借阅区/ [索取号:B222.14/810:2] | 在馆 |